[Event "Litomysl op"]
[Site "Litomysl"]
[Date "1995.??.??"]
[Round "4"]
[White "Vershinin, Mikhail"]
[Black "Voloshin, Leonid"]
[Result "1/2-1/2"]
[WhiteElo "2240"]
[BlackElo "2435"]

1.e4 c5 2.Nc3 Nc6 3.Nge2 g6 4.d4 cxd4 5.Nxd4 Bg7 6.Be3 Nf6 7.Nxc6 bxc6 8.e5 Ng8
9.Bd4 c5 10.Bxc5 Qc7 11.Bd4 Bxe5 12.Bxe5 Qxe5+ 13.Be2 Ba6 14.Qd5 Qxd5 15.Nxd5 Bxe2
16.Kxe2 Rc8 17.Ne3 e6 18.c4 Nf6 19.Rhd1 Ke7 20.Rd3 Rb8 21.Rb1 a5 22.Ra3 Ra8
23.Rb3 Rhb8 24.Rxb8 Rxb8 25.Kd3 Kd6 26.Kd4 e5+ 27.Kd3 Kc5 28.f3 d6 29.b3 Kc6
30.a3 Nd7 31.b4 axb4 32.axb4 Ra8 33.Nc2 d5 34.cxd5+ Kxd5 35.Ra1 Rxa1 36.Nxa1 f5
37.Nb3 Nf6 38.Nc5 Kd6 39.Kd2 Nd5 40.Nd3 e4 41.fxe4 fxe4 42.Nc5 e3+ 43.Ke2 Nxb4
44.Ne4+ Ke5 45.Kxe3 Nc2+ 46.Kf3 Nd4+ 47.Ke3 Nf5+ 48.Kf3 Nh4+ 49.Kg3 Kxe4
50.Kxh4 Kf4 51.g3+ Kf3 52.Kg5 Kg2 53.h4 Kh3 54.h5  1/2-1/2

[Event "Ljubljana op"]
[Site "Ljubljana"]
[Date "1995.??.??"]
[Round "2"]
[White "Justin, Matijaz"]
[Black "Ciglic, Boris"]
[Result "1-0"]
[WhiteElo "2385"]
[BlackElo "2195"]

1.e4 c5 2.Nf3 Nc6 3.Nc3 g6 4.d4 cxd4 5.Nxd4 Bg7 6.Be3 Nf6 7.Bc4 O-O 8.Bb3 d6
9.h3 a6 10.O-O Bd7 11.Re1 Rc8 12.f4 b5 13.Nxc6 Bxc6 14.Bd4 Re8 15.Qd3 e5
16.Be3 b4 17.Nd5 Bb5 18.Nxf6+ Qxf6 19.Qd2 exf4 20.Bxf4 Qd4+ 21.Qxd4 Bxd4+
22.Kh1 Bxb2 23.Rad1 Be5 24.Bxe5 dxe5 25.Rd6 Kg7 26.Red1 Rc3 27.R1d2 Re7 28.Rf2 Rc6
29.Rd8 h5 30.g4 Rc3 31.Kh2 h4 32.Rd6 Rc6 33.Rd8 Rec7 34.Rb8 Rc3 35.Rb6 R3c6
36.Rb8 a5 37.Rxb5  1-0

[Event "ESP-chJ"]
[Site "Los Barrios"]
[Date "1995.??.??"]
[Round "2"]
[White "Suarez, Diego"]
[Black "Garrido, Daniel"]
[Result "1/2-1/2"]
[WhiteElo "2265"]
[BlackElo "2190"]

1.e4 c5 2.Nc3 Nc6 3.Nge2 g6 4.d4 cxd4 5.Nxd4 Bg7 6.Be3 Nf6 7.Bc4 O-O 8.Bb3 a5
9.a4 Ng4 10.Qxg4 Nxd4 11.Qh4 Nxb3 12.cxb3 e6 13.Qxd8 Rxd8 14.O-O-O Ra6 15.Nb5 d5
16.Kb1 Bf6 17.Rd2 Bd7 18.Rhd1 Bxb5 19.axb5 Rad6 20.f4 d4 21.e5 Rd5 22.Rxd4 Rxd4
23.Bxd4 Be7 24.Kc2 Rd5 25.b6 Kf8 26.Kd3 Bc5 27.Kc4 Bxb6 28.Rd3 Bxd4 29.Rxd4 b5+
30.Kd3 Rc5 31.Rd8+ Ke7 32.Rb8 Rd5+ 33.Ke3 h5 34.h3 Kd7 35.Rb7+ Ke8 36.Rc7 Kf8
37.Rc3 b4 38.Rc4 Rd1 39.Rc8+ Kg7 40.Rc5 Rb1 41.Rc2 Rd1 42.Ke2 Rd5 43.Rd2 Rc5
44.Kf3 Kf8 45.Ke4 Ke7 46.g3 Rc1 47.Kf3 Ke8 48.Kf2 Ke7 49.Kf3 Ke8 50.Kf2 Ke7  1/2-1/2

[Event "ESP-chJ"]
[Site "Los Barrios"]
[Date "1995.??.??"]
[Round "4"]
[White "Suarez, Diego"]
[Black "Garcia, R."]
[Result "0-1"]
[WhiteElo "2265"]
[BlackElo "1960"]

1.e4 c5 2.Nc3 Nc6 3.Nge2 Nf6 4.d4 cxd4 5.Nxd4 e5 6.Ndb5 d6 7.Bg5 a6 8.Na3 b5
9.Nd5 Be7 10.Bxf6 Bxf6 11.c3 O-O 12.Nc2 Rb8 13.h4 Be6 14.Nce3 a5 15.Bd3 b4
16.Qe2 bxc3 17.bxc3 Ne7 18.Nxf6+ gxf6 19.Nd5 Bxd5 20.exd5 f5 21.Qh5 e4 22.Bc2 Nxd5
23.Qxf5 Qf6 24.Qg4+ Kh8 25.O-O Nf4 26.Bxe4 Rg8 27.Qd1 Qxh4 28.Qd4+ f6 29.Rfe1 Rb2
30.g3 Rxg3+ 31.fxg3 Qxg3+ 32.Kf1 Qh3+ 33.Kg1 Rg2+  0-1

[Event "ESP-chJ"]
[Site "Los Barrios"]
[Date "1995.??.??"]
[Round "8"]
[White "Paz Ladron de Guevara, Daniel"]
[Black "Somalo, M."]
[Result "0-1"]
[WhiteElo "2085"]
[BlackElo "1960"]

1.e4 c5 2.Nc3 Nc6 3.Nge2 d6 4.g3 g6 5.Bg2 Bg7 6.O-O e5 7.d3 Nge7 8.Be3 O-O
9.Qd2 Nd4 10.Nd1 f5 11.f4 fxe4 12.dxe4 Bg4 13.Bxd4 cxd4 14.c3 Qb6 15.Kh1 Rac8
16.cxd4 exd4 17.Nf2 Be6 18.Nd3 Rc7 19.b3 Nc6 20.Rac1 Rd7 21.h3 a5 22.g4 Ne7
23.f5 gxf5 24.exf5 Bxf5 25.gxf5 Nxf5 26.Qg5 Qb5 27.Nef4 Kh8 28.Bd5 Bh6 29.Qg4 Rg7
30.Qf3 Ng3+ 31.Kh2 Nxf1+ 32.Qxf1 Qd7 33.Rc2 Rg5 34.Rf2 Rgf5 35.Qg2 Qg7 36.Qe4 Bxf4+
37.Rxf4 Rxf4 38.Nxf4 Qe5 39.Kg3 Qg5+ 40.Kf3 Rxf4+ 41.Qxf4 Qxd5+ 42.Kf2 Kg7
43.Qg4+ Kf6 44.Qh4+ Kg6 45.Qd8 Qf5+ 46.Ke2 d3+  0-1

[Event "ESP-chJ"]
[Site "Los Barrios"]
[Date "1995.??.??"]
[Round "8"]
[White "Suarez, Diego"]
[Black "Soto, S."]
[Result "1-0"]
[WhiteElo "2265"]
[BlackElo "2295"]

1.e4 c5 2.Nc3 Nc6 3.Nge2 Nf6 4.d4 cxd4 5.Nxd4 e5 6.Ndb5 d6 7.Bg5 a6 8.Na3 b5
9.Nd5 Be7 10.Bxf6 Bxf6 11.c3 Bg5 12.Nc2 Ne7 13.h4 Bxh4 14.Rxh4 Nxd5 15.g3 Nb6
16.Ne3 Be6 17.Bg2 Rc8 18.Qd2 h5 19.a3 Rh6 20.O-O-O Bb3 21.Rdh1 b4 22.axb4 Qd7
23.Nf5 Qa4 24.Qd3 Qa1+ 25.Qb1 Rxc3+ 26.Kd2 Qxb1 27.Rxb1 Rc2+ 28.Ke1 Rf6 29.Nxg7+ Kd7
30.Nf5 Nc4 31.Rxh5 Nxb2 32.Bf1 d5 33.exd5 Bxd5 34.Ne3 Rcxf2 35.Bxa6 Be4 36.Bb5+ Ke6
37.Rc1 R2f3 38.Ng4 R6f5 39.Rh6+ f6 40.Rc8 Rxg3 41.Re8+ Kf7 42.Rh7+ Kg6 43.Rh6+ Kg7
44.Re7+ Kf8 45.Rc7 Rxg4 46.Rh8+ Rg8 47.Rc8+ Kf7 48.Rhxg8 Bd3 49.Bd7 Rf1+
50.Kd2 e4 51.Rge8 f5 52.Kc3 Rf2 53.b5 e3 54.Rxe3 Bxb5 55.Bxb5 Nd1+ 56.Kd3 Nxe3
57.Kxe3 Rb2 58.Bc4+ Kf6 59.Rf8+ Ke5 60.Re8+ Kf6 61.Rf8+ Ke5 62.Bd3 Rb3 63.Rxf5+ Ke6
64.Rh5 Ra3 65.Kd4 Ra4+ 66.Bc4+ Kf6 67.Rc5 Rb4 68.Ke4 Ra4 69.Kf4 Ra3 70.Rc6+ Ke7
71.Bd5 Ra1 72.Ke5 Re1+ 73.Be4 Kd7 74.Rb6 Rc1 75.Rh6 Kc7 76.Rh7+ Kb6 77.Rb7+ Ka6
78.Rb8 Rd1 79.Bd5 Ka7 80.Rb2 Rg1 81.Kd6 Rg6+ 82.Kc5 Rg1 83.Bc6 Rg5+ 84.Kd6 Ka6  1-0

[Event "POL-chT"]
[Site "Lubniewice"]
[Date "1995.??.??"]
[Round "1"]
[White "Tseshkovsky, Vitaly"]
[Black "Ciemniak, Robert"]
[Result "1-0"]
[WhiteElo "2540"]
[BlackElo "2395"]

1.e4 c5 2.Nf3 Nc6 3.Nc3 e5 4.Bc4 Be7 5.d3 d6 6.Nd2 Nf6 7.Nf1 Bg4 8.f3 Be6
9.Ne3 O-O 10.a3 Nd7 11.Ned5 Bg5 12.Bxg5 Qxg5 13.Qd2 Qd8 14.O-O a6 15.Ba2 b5
16.b4 Nb6 17.f4 exf4 18.Qxf4 cxb4 19.axb4 Rc8 20.Ne2 Ne7 21.Nxe7+ Qxe7 22.Nd4 d5
23.Qe3 Bd7 24.Bb3 Qxb4 25.Rxa6 Qc5 26.Nf5 Bxf5 27.Qxc5 Rxc5 28.Rxb6 Bd7 29.exd5 g6
30.d6 Kg7 31.Rb7 Bf5 32.g4 Bxg4 33.Rbxf7+  1-0

[Event "CRO-chT"]
[Site "Makarska Tucepi"]
[Date "1995.??.??"]
[Round "?"]
[White "Topalovic, Zlatko"]
[Black "Hulak, Krunoslav"]
[Result "0-1"]
[WhiteElo "2315"]
[BlackElo "2555"]

1.e4 c5 2.Nc3 Nc6 3.Nf3 e6 4.Bb5 Nge7 5.O-O a6 6.Bxc6 Nxc6 7.d4 cxd4 8.Nxd4 d6
9.Re1 Be7 10.Nxc6 bxc6 11.Qg4 Kf8 12.b3 e5 13.Qf3 Be6 14.Ba3 Qc7 15.Rad1 Rd8
16.Na4 f6 17.c4 Kf7 18.h3 Rhf8 19.Qe3 Kg8 20.Nc3 Qa5 21.Qc1 Rd7 22.Rd3 Rfd8
23.Red1 Bf8 24.Bb2 Bf7 25.Qd2 Bg6 26.Ba1 Qb4 27.Bb2 a5 28.f3 Bf7 29.Kh1 Rb8
30.Na4 Bxc4 31.Qxb4 Rxb4 32.Rc3 Bb5 33.Nc5 Ra7 34.Ne6 Be7 35.a3 Kf7 36.axb4 axb4
37.Rcc1 Kxe6 38.Ra1 Rb7 39.Ra8 d5 40.exd5+ cxd5 41.Re1 Bc5 42.Rc8 Bf2 43.Rec1 d4
44.R8c7 Rxc7 45.Rxc7 Be1 46.Rxg7 d3 47.Bc1 d2 48.Bxd2 Bxd2 49.Rxh7 Bd3 50.Rc7 Bc3
51.h4 f5 52.h5 e4 53.fxe4 fxe4 54.h6 e3 55.h7 e2 56.Rxc3  0-1

[Event "Makati op"]
[Site "Manila"]
[Date "1995.??.??"]
[Round "3"]
[White "Mariano, Nelson"]
[Black "Sanchez, Joseph"]
[Result "1/2-1/2"]
[WhiteElo "2510"]
[BlackElo "2260"]

1.e4 c5 2.Ne2 Nc6 3.Nbc3 e5 4.Nd5 d6 5.Nec3 Nf6 6.Bc4 Be7 7.d3 Nxd5 8.Nxd5 O-O
9.O-O Rb8 10.a4 Bg5 11.Qh5 Bxc1 12.Raxc1 a6 13.Ne3 Nd4 14.c3 g6 15.Qd1 Ne6
16.g3 Kh8 17.f4 exf4 18.gxf4 Ng7 19.d4 b5 20.axb5 axb5 21.Bd5 f5 22.Qd2 fxe4
23.Bxe4 Bh3 24.Bg2 Bxg2 25.Nxg2 Qf6 26.Rcd1 b4 27.dxc5 dxc5 28.Qd6 Qxd6 29.Rxd6 bxc3
30.bxc3 Rb3 31.Rd3 c4 32.Rdf3 Rd8 33.Nh4 Rd3 34.Rc1 Ne6 35.f5 gxf5 36.Rxd3 cxd3
37.Nxf5 Rb2 38.Re1 d2 39.Rd1 Nf4 40.Ng3 Rc2 41.Kf2  1/2-1/2

[Event "Capablanca mem-B"]
[Site "Matanzas"]
[Date "1995.??.??"]
[Round "13"]
[White "Mitkov, Nikola"]
[Black "Alvarez, Jose"]
[Result "1-0"]
[WhiteElo "2475"]
[BlackElo "2345"]

1.e4 c5 2.Nc3 Nc6 3.Nge2 d6 4.d4 cxd4 5.Nxd4 Nf6 6.Bc4 e6 7.Be3 a6 8.Bb3 Be7
9.f4 O-O 10.Qf3 Nxd4 11.Bxd4 b5 12.Bxf6 Bxf6 13.e5 Bh4+ 14.g3 Rb8 15.O-O-O Be7
16.exd6 Bxd6 17.Ne4 Bb7 18.Rhe1 a5 19.Qg4 Bxe4 20.Rxe4 Rb6 21.Red4 Qe7 22.c3 a4
23.Bc2 a3 24.b3 Rc8 25.R1d3 g6 26.Qd1 Bc5 27.Rd8+ Rxd8 28.Rxd8+ Kg7 29.b4 Be3+
30.Kb1 Rc6 31.Rd3 Bb6 32.Bb3 Qf6 33.Qf3 Rc8 34.Bd1 Rc4 35.Bb3 Rc8 36.Bc2 Rc4
37.Kc1 Bd8 38.Bb3 Rc7 39.Kd2 Be7 40.Qe4 Qf5 41.Qxf5 gxf5 42.Bd1 Bf6 43.Be2 Kg6
44.Kc2 h5 45.Kb3 h4 46.Re3 Rd7 47.Rd3 Rc7 48.gxh4 e5 49.Rg3+ Kh6 50.fxe5 Bxe5
51.Rf3 f4 52.Bxb5 f6 53.c4 Ra7 54.c5 Kh5 55.Bc6 Kxh4 56.b5 Kg4 57.b6 Rh7
58.h3+ Kf5 59.Kxa3 Rg7 60.Rb3 Rg1 61.Bf3  1-0

[Event "Capablanca mem-B"]
[Site "Matanzas"]
[Date "1995.??.??"]
[Round "13"]
[White "Alvarez Ibarra, D Rafael"]
[Black "Hernandez, Roman"]
[Result "1/2-1/2"]
[WhiteElo "2440"]
[BlackElo "2435"]

1.e4 c5 2.Nc3 Nc6 3.Bb5 d6 4.d3 Bd7 5.f4 a6 6.Bxc6 Bxc6 7.Nf3 e6 8.O-O Be7
9.Qe1 Qd7 10.b3 Nf6 11.Bb2 O-O 12.e5 Ne8 13.exd6 Qxd6 14.Ne5 f5 15.Nxc6 Qxc6
16.Nb1 Bf6 17.Bxf6 Nxf6 18.Nd2 Rae8 19.Nc4 Nd7 20.Qe3 b6 21.Ne5 Nxe5 22.Qxe5 Rd8
23.a4  1/2-1/2

[Event "Fide Mercenarios 9th"]
[Site "MEX"]
[Date "1995.??.??"]
[Round "3"]
[White "Teran, Armando"]
[Black "Quezada, A."]
[Result "1-0"]
[WhiteElo "2000"]
[BlackElo "2000"]

1.e4 c5 2.Nf3 Nc6 3.Nc3 g6 4.d4 cxd4 5.Nxd4 Bg7 6.Be3 e6 7.Be2 Nge7 8.O-O a6
9.Qd2 O-O 10.f4 f6 11.Rad1 d5 12.Nxe6 Bxe6 13.exd5 Nxd5 14.Nxd5 Bxd5 15.Qxd5+ Qxd5
16.Rxd5 Rfe8 17.Rd3 Nb4 18.Rb3 Nxc2 19.Bc4+ Kh8 20.Bb6 f5 21.Rd1 Rac8 22.Bd5 Re7
23.Bf3 Ne1 24.Bd5 Rd7 25.Kf1 Nc2 26.h4 h5 27.a4 Kh7 28.Bg8+  1-0

[Event "Fide Mercenarios 7th"]
[Site "MEX"]
[Date "1995.??.??"]
[Round "6"]
[White "Casillas, Jose J"]
[Black "Ruiz, Guillermo"]
[Result "0-1"]
[WhiteElo "2175"]
[BlackElo "2235"]

1.e4 c5 2.Nf3 Nc6 3.Nc3 g6 4.d4 cxd4 5.Nxd4 Bg7 6.Be3 Nf6 7.Be2 O-O 8.O-O d5
9.Nxc6 bxc6 10.e5 Nd7 11.f4 e6 12.Bf2 c5 13.g4 Rb8 14.Rb1 Bb7 15.Bf3 g5 16.fxg5 Qxg5
17.Kg2 Bxe5 18.Qe2 Kh8 19.Rh1 f5 20.h4 Qf4 21.g5 d4 22.Bxb7 Rxb7 23.Na4 d3
24.cxd3 Qxa4 25.Bxc5 Qc6+ 26.Qf3 Qxf3+  0-1

[Event "Fide Mercenarios 9th"]
[Site "MEX"]
[Date "1995.??.??"]
[Round "7"]
[White "Teran, Armando"]
[Black "Vaca Kram, Luis"]
[Result "1-0"]
[WhiteElo "2000"]
[BlackElo "2015"]

1.e4 c5 2.Nf3 Nc6 3.Nc3 e5 4.Bc4 Be7 5.O-O Nf6 6.Re1 O-O 7.Nd5 d6 8.c3 Bg4
9.a3 Qd7 10.b4 Nxd5 11.exd5 Nd8 12.bxc5 Bf6 13.h3 Bf5 14.d4 exd4 15.cxd4 dxc5
16.Ne5 Qd6 17.Bf4 cxd4 18.Rc1 Qxa3 19.Qxd4 b6 20.g4 Bg6 21.g5 Be7 22.Nd7 Bc5
23.Nxc5 Qxc5 24.Qxc5 bxc5 25.Bd6 Nb7 26.Bxf8 Kxf8 27.Bb5 Rd8 28.Bc6 Nd6 29.Rxc5 Ne4
30.Ra5 Nxg5 31.d6 Nxh3+ 32.Kh2 Ng5 33.Rxg5 f6 34.Rxg6 hxg6 35.d7  1-0

[Event "Fide Mercenarios 7th"]
[Site "MEX"]
[Date "1995.??.??"]
[Round "9"]
[White "Martin del Campo, Jorge"]
[Black "Calderin, Roberto"]
[Result "0-1"]
[WhiteElo "2215"]
[BlackElo "2445"]

1.e4 c5 2.Nf3 Nc6 3.Nc3 e5 4.d3 g6 5.Be2 Bg7 6.O-O Nge7 7.Bg5 h6 8.Be3 d6
9.Nd2 O-O 10.f4 exf4 11.Rxf4 g5 12.Rf1 f5 13.g3 Nd4 14.Rf2 Ng6 15.Bh5 f4
16.Bxg6 fxe3 17.Rxf8+ Qxf8 18.Nc4 Qf2+ 19.Kh1 Bh3 20.Qg1 Qf3+  0-1

[Event "Minsk"]
[Site "Minsk"]
[Date "1995.??.??"]
[Round "13"]
[White "Kovalev, Andrei"]
[Black "Kochetkov, German"]
[Result "0-1"]
[WhiteElo "2545"]
[BlackElo "2465"]

1.e4 c5 2.Nf3 Nc6 3.Nc3 e5 4.Bc4 d6 5.d3 Be7 6.Nd5 Nf6 7.c3 O-O 8.Be3 Kh8
9.a3 Ng4 10.Bd2 f5 11.Qe2 Rb8 12.O-O-O b5 13.Ba2 b4 14.axb4 cxb4 15.cxb4 Ba6
16.exf5 e4 17.Nxe7 Qxe7 18.Ng5 Nxb4 19.Bxb4 Qxg5+ 20.Bd2 Qxf5 21.Qxe4 Qxe4
22.dxe4 Nxf2  0-1

[Event "Mislata op 4th"]
[Site "Mislata"]
[Date "1995.??.??"]
[Round "6"]
[White "Sanchez Guirado, Francisco"]
[Black "Alonso Pascual, Francisco"]
[Result "1-0"]
[WhiteElo "2345"]
[BlackElo "2230"]

1.e4 c5 2.Ne2 Nc6 3.Nbc3 Nf6 4.g3 e5 5.Bg2 Be7 6.O-O d6 7.d3 O-O 8.h3 Rb8
9.g4 b5 10.Ng3 Nd4 11.f4 Nd7 12.Nd5 Bh4 13.Kh2 exf4 14.Bxf4 Ne5 15.Nf5 Ne6
16.Be3 Ng6 17.Qd2 Bg5 18.Rf2 Bb7 19.Raf1 Bxe3 20.Qxe3 Kh8 21.c3 Bxd5 22.exd5 Nc7
23.d4 c4 24.Qg3 Ne8 25.Re2 Rb6 26.h4 Rb7 27.Rfe1 Nxh4 28.Qxh4 Qxh4+ 29.Nxh4 Nf6
30.g5 Nh5 31.Nf5 g6 32.Re8 Kg8 33.Nxd6 Rd7 34.Rxf8+ Kxf8 35.Re8+ Kg7 36.Nxb5 Rb7
37.d6  1-0

[Event "Mitropa Cup"]
[Site "?"]
[Date "1995.??.??"]
[Round "4"]
[White "Kuijf, Marinus"]
[Black "Schmittdiel, Eckhard"]
[Result "0-1"]
[WhiteElo "2465"]
[BlackElo "2485"]

1.e4 c5 2.Nf3 Nc6 3.Nc3 e5 4.Bc4 g6 5.d3 Bg7 6.Be3 Nd4 7.Nd5 d6 8.c3 Ne6
9.h4 Nf6 10.Nxf6+ Bxf6 11.Qd2 Bd7 12.a4 h5 13.Ng5 Qe7 14.g3 Bc6 15.b4 cxb4
16.cxb4 a6 17.O-O Bxg5 18.hxg5 Rd8 19.b5 d5 20.Ba2 d4 21.bxc6 dxe3 22.Qxe3 bxc6
23.f4 h4 24.fxe5 Nxg5 25.d4 hxg3 26.Rad1 c5 27.Bd5 cxd4 28.Qxg3 Rh5 29.Kg2 Ne6
30.Kf2 Rc8 31.Rc1 Rxc1 32.Rxc1 Kf8 33.Rc6 Qb4 34.Rc2 Rh1 35.Kg2 Qb1 36.Qf2 Nf4+
37.Kg3 Rg1+ 38.Kxf4 Rf1 39.Kg3 Rxf2 40.Rxf2 d3 41.Rxf7+ Ke8 42.e6 Qc2 43.Rg7 d2
44.Rg8+ Ke7 45.Rg7+ Kf6 46.e7 d1=Q 47.Rxg6+ Kxe7  0-1

[Event "Mitropa Cup"]
[Site "?"]
[Date "1995.??.??"]
[Round "5"]
[White "Grosar, Aljosa"]
[Black "Manik, Mikulas"]
[Result "1/2-1/2"]
[WhiteElo "2475"]
[BlackElo "2380"]

1.e4 c5 2.Ne2 Nc6 3.Nbc3 Nf6 4.g3 g6 5.Bg2 Bg7 6.O-O O-O 7.Nd5 e6 8.Nxf6+ Bxf6
9.f4 d5 10.d3 dxe4 11.dxe4 Qb6 12.c3 c4+ 13.Kh1 Rd8 14.Qa4 Qc5 15.e5 Be7
16.Rf3 b5 17.Qc2 Bb7 18.Be3  1/2-1/2

[Event "Mlada Boleslav op"]
[Site "?"]
[Date "1995.??.??"]
[Round "?"]
[White "Stocek, Jiri"]
[Black "Goloshchapov, Alexander"]
[Result "0-1"]
[WhiteElo "2475"]
[BlackElo "2380"]

1.e4 c5 2.Nc3 Nc6 3.Nge2 d6 4.d4 cxd4 5.Nxd4 Nf6 6.Bc4 Qb6 7.Nxc6 bxc6 8.O-O g6
9.e5 dxe5 10.Qe2 Qd4 11.Rd1 Bg4 12.Rxd4 Bxe2 13.Rh4 Bxc4 14.Rxc4 Kd7 15.Bg5 Ne8
16.Rd1+ Nd6 17.Ra4 Kc7 18.Ra5 a6 19.Kf1 h6 20.Bc1 Bg7 21.Na4 Nb7 22.Be3 c5
23.Rxc5+ Nxc5 24.Bxc5 e6 25.b4 Bf8 26.c4 Bxc5 27.Nxc5 Rhd8 28.Rxd8 Rxd8 29.Nxa6+ Kb6
30.Nc5 Rd4 31.Ke2 Rxc4 32.Ke3 Kc6 33.Nd3 Kd5 34.b5 Ra4 35.b6 Ra8 36.a4 e4
37.Nb4+ Kd6 38.b7 Rb8 39.Kxe4 Rxb7 40.Nd3 Rb1 41.f4 Ra1 42.Nb2 Ra2 43.Nc4+ Kc5
44.Ne5 Rxa4+  0-1

[Event "Montecatini Terme op"]
[Site "Montecatini Terme"]
[Date "1995.??.??"]
[Round "?"]
[White "Belotti, Bruno"]
[Black "Leoncini, Mario"]
[Result "1-0"]
[WhiteElo "2380"]
[BlackElo "2200"]

1.e4 c5 2.Nf3 Nc6 3.Nc3 Nf6 4.d4 cxd4 5.Nxd4 e5 6.Ndb5 d6 7.Bg5 a6 8.Na3 b5
9.Nd5 Be7 10.Bxf6 Bxf6 11.c3 O-O 12.Nc2 Rb8 13.h4 Ne7 14.Nxf6+ gxf6 15.Bd3 f5
16.exf5 Nxf5 17.Qh5 e4 18.Be2 Qe7 19.Qg5+ Kh8 20.O-O-O Rg8 21.Qxe7 Nxe7 22.Ne3 Nf5
23.Nxf5 Bxf5 24.Rhg1 Rg6 25.Kd2 a5 26.Ke3 b4 27.c4 a4 28.Rd5 Bc8 29.h5  1-0

[Event "Moscow2"]
[Site "Moscow"]
[Date "1995.??.??"]
[Round "?"]
[White "Tseshkovsky, Vitaly"]
[Black "Anastasian, Ashot"]
[Result "1-0"]
[WhiteElo "2530"]
[BlackElo "2530"]

1.e4 c5 2.Nf3 Nc6 3.Nc3 Nf6 4.Bb5 Nd4 5.e5 Nxb5 6.Nxb5 Nd5 7.Ng5 e6 8.Ne4 Be7
9.c4 Nb4 10.Nbd6+ Kf8 11.d4 cxd4 12.Qh5 Nd3+ 13.Ke2 Nxc1+ 14.Raxc1 g6 15.Qf3 f5
16.exf6 Bxd6 17.Nxd6 Qb6 18.Qa3 Qa6 19.Qxa6 bxa6 20.c5 h6 21.Kd3 Rb8 22.b3 Bb7
23.Kxd4 Bc6 24.h4 Kg8 25.f3 a5 26.Ke5 Kh7 27.Rc4 a4 28.b4 Bd5 29.Rd4 Bxa2
30.Nf7 Bd5 31.Nxh8 Kxh8 32.Ra1 Bc6 33.Rg4 Kh7 34.Kd6 h5 35.Rg5 Rxb4 36.Ke7 Rb8
37.g4  1-0

[Event "Moscow op"]
[Site "Moscow"]
[Date "1995.??.??"]
[Round "1"]
[White "Galdunts, Sergey"]
[Black "Tsiganov, Igor M"]
[Result "1-0"]
[WhiteElo "2475"]
[BlackElo "2265"]

1.e4 c5 2.Nc3 Nc6 3.Nge2 e5 4.Nd5 Nf6 5.Nec3 d6 6.Bc4 Be7 7.d3 Nxd5 8.Nxd5 O-O
9.O-O Rb8 10.a4 Bg5 11.f4 exf4 12.Nxf4 Ne5 13.Bd5 Bg4 14.Qe1 Bh4 15.Qe3 Qe7
16.Bd2 Ng6 17.Kh1 Bf6 18.Qg3 Be6 19.Bxe6 fxe6 20.Nxg6 hxg6 21.c3 b5 22.a5 g5
23.Rf3 b4 24.Raf1 bxc3 25.bxc3 a6 26.Qg4 g6 27.h4 Kg7 28.hxg5 Rh8+ 29.Kg1 Be5
30.g3 Rb2 31.R3f2 Rh5 32.Qf3 Rxd2 33.Rxd2 Rxg5 34.g4 Bxc3 35.Rh2 Bd4+ 36.Kh1 Be5
37.Rh4 Qb7 38.Qf8+  1-0

[Event "Moscow op"]
[Site "Moscow"]
[Date "1995.??.??"]
[Round "2"]
[White "Eismont, Oleg"]
[Black "Kalegin, Evgenij"]
[Result "1/2-1/2"]
[WhiteElo "2435"]
[BlackElo "2450"]

1.e4 c5 2.Nc3 Nc6 3.Nf3 e6 4.Bb5 Nge7 5.O-O a6 6.Bxc6 Nxc6 7.d4 cxd4 8.Nxd4 d6
9.Re1 Bd7 10.Nxc6 bxc6 11.Qg4 h5 12.Qf3 e5 13.b3 Be7 14.Na4 O-O 15.Qxh5 f5
16.exf5 Rxf5 17.Qe2 d5 18.Be3 Bd6 19.f3 e4 20.fxe4 Bxh2+ 21.Kxh2 Qh4+ 22.Kg1 Rh5
23.Qxh5 Qxh5 24.Nb6 Rd8 25.exd5 Qg6 26.Nxd7 Rxd7 27.dxc6 Qxc6 28.c4 Rd6 29.Rac1 Rg6
30.Rc2 Qe4 31.Rce2 a5 32.Bd2 Qc6 33.Re4 Rg3 34.R1e3 Rxe3 35.Rxe3 Qd6 36.Be1 a4
37.bxa4 Qd4 38.Kf2 Qxc4 39.a5 Qxa2+ 40.Kg3 Qc4 41.Bc3 g5 42.Kf2 Kf7 43.Ke1 Kg6
44.g3  1/2-1/2

[Event "Moscow op2"]
[Site "Moscow"]
[Date "1995.??.??"]
[Round "4"]
[White "Gorbatow, Alexej"]
[Black "Gorelov, Sergey G"]
[Result "0-1"]
[WhiteElo "2420"]
[BlackElo "2490"]

1.e4 c5 2.Nc3 Nc6 3.Nge2 g6 4.g3 Bg7 5.Bg2 d6 6.O-O e5 7.a3 Nge7 8.b4 O-O
9.Rb1 b6 10.f4 exf4 11.gxf4 f5 12.exf5 Bxf5 13.Ng3 Bd7 14.Bb2 Rc8 15.Nd5 Nd4
16.Ne3 Kh8 17.c3 Ndf5 18.c4 Nd4 19.b5 Ng8 20.Ne4 Be6 21.Ng5 Rxf4 22.Rxf4 Qxg5
23.Rf2 Be5 24.Kh1 Qh4 25.Qg1 Nf6 26.Bf3 Ne4 27.Bxe4 Qxe4+ 28.Ng2 Bxc4 29.Re1 Qd5
30.a4 a6 31.Re3 Qb7 32.bxa6 Bxa6 33.Qe1 Qg7 34.Rh3 Re8 35.Qe3 Bb7  0-1

[Event "Moscow Petrosian"]
[Site "Moscow"]
[Date "1995.??.??"]
[Round "5"]
[White "Najer, Evgeniy"]
[Black "Shipov, Sergei"]
[Result "1-0"]
[WhiteElo "2455"]
[BlackElo "2510"]

1.e4 c5 2.Nc3 Nc6 3.Bb5 g6 4.Bxc6 bxc6 5.d3 Bg7 6.f4 d6 7.Nf3 f5 8.e5 Nh6
9.O-O O-O 10.Qe2 Qc7 11.Re1 Nf7 12.Na4 Nd8 13.b3 Ne6 14.Qf2 Bd7 15.Bb2 Rae8
16.Qh4 Nd4 17.Qf2 Ne6 18.exd6 exd6 19.Bxg7 Kxg7 20.Qd2 Kg8 21.d4 cxd4 22.Nxd4 Ng7
23.Nf3 Nh5 24.Rad1 Rxe1+ 25.Rxe1 Re8 26.Rxe8+ Bxe8 27.Qe3 Bf7 28.c4 Nf6 29.h3 c5
30.Nc3 a6 31.Nd1 Kf8 32.Nf2 Qc6 33.Kh2 Qd7 34.Qc3 Ke7 35.a3 Qc7 36.g4 fxg4
37.hxg4 d5 38.Ne5 dxc4 39.bxc4 Be6 40.Qg3 Kf8 41.f5  1-0

[Event "Moscow5"]
[Site "Moscow"]
[Date "1995.??.??"]
[Round "5"]
[White "Fedorov, Alexei"]
[Black "Kiselev, Sergey"]
[Result "0-1"]
[WhiteElo "2540"]
[BlackElo "2505"]

1.e4 c5 2.Nf3 Nc6 3.Nc3 d6 4.d4 cxd4 5.Nxd4 Nf6 6.Be3 Ng4 7.Bb5 Nxe3 8.fxe3 Bd7
9.O-O e6 10.Bxc6 bxc6 11.Qf3 Qf6 12.Qe2 Qd8 13.e5 Be7 14.exd6 Bxd6 15.Rad1 Qc7
16.Nf3 Be7 17.Kh1 O-O 18.e4 Rad8 19.e5 c5 20.Rd3 Bc6 21.Re3 Qb7 22.b3 Rd4
23.Re1 Rf4 24.Ne4 Rd8 25.g3 Rf5 26.Kg2 Rd5 27.g4 Rxf3 28.Qxf3 Bg5 29.Nxg5 Rd2+
30.Kg3 Bxf3 31.Rxf3 Qd5 32.Nxf7 h6 33.Ref1 Kh7 34.h4 Rxc2 35.h5 Qd2 36.R3f2 Rc3+
37.Kg2 Qe3 38.Rf3 Qe2+ 39.Kg3 Rxf3+ 40.Rxf3 Qe1+ 41.Rf2 a5 42.Kg2 Qe4+ 43.Kg3 Kg8
44.Rf3 Qe1+ 45.Kg2 Qe2+ 46.Kg3 a4 47.g5 hxg5 48.Nxg5 Qxe5+ 49.Kg4 Qe2 50.bxa4 Qxa2
51.a5 Qe2 52.Kg3 Qe5+ 53.Kg4 Qd4+ 54.Kg3 Qd5 55.Kg4 Qc4+ 56.Kg3 Qa6 57.Re3 Qxa5
58.Rxe6 Qc7+ 59.Kf3 Qd7 60.Re5 c4 61.Rc5 c3 62.Ke3 Qd2+ 63.Ke4 Qe2+ 64.Kd5 Qg4
65.Ne4 Qd1+ 66.Ke6 c2  0-1

[Event "Moscow op"]
[Site "Moscow"]
[Date "1995.??.??"]
[Round "5"]
[White "Barskij, Vladimir"]
[Black "Vaulin, Alexander"]
[Result "0-1"]
[WhiteElo "2355"]
[BlackElo "2510"]

1.e4 c5 2.Nc3 Nc6 3.Nge2 g6 4.d4 cxd4 5.Nxd4 Bg7 6.Be3 Nf6 7.Be2 O-O 8.Nb3 d6
9.f4 a6 10.Bf3 Na5 11.e5 Ne8 12.Qd5 Nc6 13.O-O-O Be6 14.Qe4 Bf5 15.Qc4 Rc8
16.Qa4 Bd7 17.exd6 Nxd6 18.Nc5 b5 19.Qb3 Na5 20.Qb4 Nac4 21.Nxd7 Qxd7 22.Bd4 Bxd4
23.Rxd4 Qa7 24.Rhd1 Ne3 25.R1d3 Nef5 26.Rd5 Rc4 27.Qb3 Nd4 28.R3xd4 Rxd4
29.g3 Nc4 30.Qb4 Rxd5 31.Nxd5 e6 32.Ne7+ Kg7 33.Qc3+ f6 34.Nc6 Qg1+ 35.Bd1 Rc8
36.Nd4 Ne3 37.Nxe6+ Kf7 38.Nd8+ Rxd8 39.Qc7+ Ke8 40.Qc6+ Ke7 41.Qc7+ Rd7  0-1

[Event "New Castle schev"]
[Site "New Castle on Tyne"]
[Date "1995.??.??"]
[Round "7"]
[White "Shaw, John"]
[Black "Storey, Charles"]
[Result "0-1"]
[WhiteElo "2280"]
[BlackElo "2125"]

1.e4 c5 2.Nc3 Nc6 3.Nge2 g6 4.d4 cxd4 5.Nxd4 Bg7 6.Nb3 Nf6 7.Be2 O-O 8.O-O d6
9.Re1 Be6 10.Bf1 Rc8 11.Nd5 Bxd5 12.exd5 Nb4 13.c4 b5 14.a3 bxc4 15.axb4 cxb3
16.Qxb3 Rc7 17.Be3 Qa8 18.Ra5 Ng4 19.Bf4 Bd4 20.Bg3 Nf6 21.Rd1 Bb6 22.Raa1 Rb8
23.Rac1 Bc5 24.b5 a6 25.Qa2 axb5 26.Qxa8 Rxa8 27.Bxb5 Rb8 28.Bc6 Ne4 29.Rc2 Ra7
30.Kf1 Ra2 31.Rb1 Bd4 32.Rd1 Rbxb2 33.Rxb2 Bxb2 34.f3 Nxg3+ 35.hxg3 Be5 36.f4 Bc3
37.Kg1 h6 38.Kh2 Rf2 39.Rd3 Bb4 40.Rf3 Rd2 41.g4 Rd4 42.Kh3 Rd1 43.Rb3 Bc5
44.Kg3 Rd2 45.Rf3 Kg7 46.f5 g5 47.Rb3 Bd4 48.Kf3 Rf2+ 49.Kg3 Rf1 50.Kh2 Be5+
51.g3 Rf2+ 52.Kh3 Rd2 53.Rf3 Kf6 54.Rb3 Bd4 55.Rb1 Rd3 56.Bb5 Rf3 57.Rd1 Ke5
58.Bf1 Rxf1 59.Rxf1 Kxd5 60.Kg2 e5 61.Rh1 e4 62.Rxh6 f6 63.Kf1 e3 64.Ke2 Ke4
65.Rh8 d5 66.Re8+ Be5 67.Re7 d4 68.Rd7 Bxg3 69.Rd8 Be5 70.Rd7 Kf4 71.Rd5 Ke4
72.Rd7 Bb8 73.Rd8 Bc7 74.Rd7 Ba5 75.Rd6 Bc3 76.Re6+ Kf4 77.Kd3 Kxg4 78.Rxf6 e2  0-1

[Event "JUG-ch sf"]
[Site "Nis"]
[Date "1995.??.??"]
[Round "?"]
[White "Marinkovic, Slavisa"]
[Black "Milanovic, Danilo"]
[Result "1-0"]
[WhiteElo "2415"]
[BlackElo "2325"]

1.e4 c5 2.Nc3 Nc6 3.Nge2 g6 4.d4 cxd4 5.Nxd4 Bg7 6.Nde2 h5 7.h3 h4 8.Be3 d6
9.Qd2 Bd7 10.O-O-O Qa5 11.Kb1 Rc8 12.Nd4 Rh5 13.Be2 Nxd4 14.Bxd4 Bxd4 15.Qxd4 Rh7
16.f4 Be6 17.a3 Qc5 18.Rhe1 g5 19.f5 Bc4 20.Bxc4 Qxc4 21.Qxa7 f6 22.Qxb7 Rg7
23.Rd4 Qc6 24.Qxc6+ Rxc6 25.Nd5 Nh6 26.Rb4  1-0